[Event "69th RUS-ch Women Higher League 2019"]
[Site "Yaroslavl"]
[Date "2019.07.05"]
[Round "8.9"]
[White "Bivol, Alina"]
[Black "Voit, Daria"]
[Result "1/2-1/2"]
[WhiteElo "2391"]
[BlackElo "2339"]
[Annotator "NA"]
[PlyCount "111"]
[EventDate "2019.06.27"]
[EventType "swiss"]
[EventCountry "RUS"]
[SourceTitle "playchess.com"]
[Source "ChessBase"]
[SourceQuality "1"]
[TimeControl "40/5400+30:1800+30"]

1. c4 {[%emt 0:00:03]} e5 {[%emt 0:00:42]} 2. g3 {[%emt 0:00:45]} Nf6 {[%emt 0:00:43]} 3. Bg2 {[%emt 0:00:44]} c6 {[%emt 0:00:41]} 4. Nf3 {[%emt 0:02:48]} e4 {[%emt 0:08:23]} 5. Nd4 {[%emt 0:00:21]} Qb6 {[%emt 0:00:17]} 6. e3 {[%emt 0:08:29]} d5 {[%emt 0:01:10]} 7. Nc3 {[%emt 0:01:45]} Bb4 {[%emt 0:03:53]} 8. cxd5 {[%emt 0:00:48]} cxd5 {[%emt 0:00:10]} 9. Qb3 {[%emt 0:01:17]} Bxc3 {[%emt 0:06:09]} 10. bxc3 {[%emt 0:02:21]} Nc6 {[%emt 0:01:37]} 11. Ba3 {[%emt 0:04:46]} Qxb3 {[%emt 0:01:09]} 12. axb3 {[%emt 0:00:31]} Nxd4 {[%emt 0:02:11]} 13. exd4 {[%emt 0:00:12]} Bd7 {[%emt 0:13:48]} 14. O-O {[%emt 0:04:37]} Be6 {[%emt 0:11:21]} 15. Rfc1 {[%emt 0:02:20]} Kd7 {[%emt 0:04:18]} 16. Bf1 {[%emt 0:01:04]} a6 {[%emt 0:03:07]} 17. c4 {[%emt 0:00:46]} Rhc8 {[%emt 0:00:35]} 18. d3 {[%emt 0:00:30]} g6 {[%emt 0:05:12]} 19. Ra2 {[%emt 0:04:37]} exd3 {[%emt 0:06:17]} 20. Bxd3 {[%emt 0:00:06]} Ne8 {[%emt 0:00:20]} 21. Kg2 {[%emt 0:02:43]} Nc7 {[%emt 0:06:42]} 22. Re2 {[%emt 0:03:27]} b5 {[%emt 0:03:39]} 23. cxb5 {[%emt 0:03:19]} Nxb5 {[%emt 0:00:04]} 24. Rxc8 {[%emt 0:00:13]} Rxc8 {[%emt 0:00:32]} 25. Bc5 {[%emt 0:00:03]} Kc6 {[%emt 0:03:31]} 26. h3 {[%emt 0:02:29]} Re8 {[%emt 0:00:46]} 27. g4 {[%emt 0:02:21]} Bd7 {[%emt 0:00:02]} 28. Rxe8 {[%emt 0:01:29]} Bxe8 {[%emt 0:00:02]} 29. Kg3 {[%emt 0:01:22]} Kd7 {[%emt 0:03:36]} 30. Kf4 {[%emt 0:00:30]} f6 {[%emt 0:00:10]} 31. h4 {[%emt 0:01:31]} Ke6 {[%emt 0:02:03]} 32. h5 {[%emt 0:01:04]} Kf7 {[%emt 0:02:22]} 33. g5 {[%emt 0:03:05]} Nc7 {[%emt 0:00:06]} 34. hxg6+ {[%emt 0:00:58]} hxg6 {[%emt 0:00:03]} 35. gxf6 {[%emt 0:02:03]} Kxf6 {[%emt 0:00:06]} 36. Bd6 {[%emt 0:00:51]} Ne6+ {[%emt 0:00:13]} 37. Ke3 {[%emt 0:00:06]} Bb5 {[%emt 0:00:04]} 38. Be5+ {[%emt 0:00:16]} Kf7 {[%emt 0:00:35]} 39. Bc2 {[%emt 0:00:24]} Ng5 {[%emt 0:00:20]} 40. Bd1 {[%emt 0:00:00]} Bf1 {[%emt 0:00:00]} 41. Bg4 {[%emt 0:01:34]} Bb5 {[%emt 0:03:27]} 42. Bd1 {[%emt 0:02:40]} Bf1 {[%emt 0:00:23]} 43. Bf4 {[%emt 0:01:15]} Ne6 {[%emt 0:01:38]} 44. Bf3 {[%emt 0:01:03]} Nxf4 {[%emt 0:02:11]} 45. Kxf4 {[%emt 0:00:01]} Ke6 {[%emt 0:00:09]} 46. Kg5 {[%emt 0:03:17]} Bd3 {[%emt 0:00:05]} 47. Bg4+ {[%emt 0:00:38]} Kd6 {[%emt 0:00:17]} 48. b4 {[%emt 0:03:08]} Kc6 {[%emt 0:00:53]} 49. Be6 {[%emt 0:12:56]} Kb5 {[%emt 0:01:36]} 50. Bxd5 {[%emt 0:01:12]} Kxb4 {[%emt 0:00:03]} 51. Kf6 {[%emt 0:03:01]} a5 {[%emt 0:00:42]} 52. Ba2 {[%emt 0:01:24]} a4 {[%emt 0:09:00]} 53. d5 {[%emt 0:01:28]} Kc5 {[%emt 0:00:57]} 54. Ke7 {[%emt 0:00:35]} a3 {[%emt 0:00:46]} 55. d6 {[%emt 0:02:54]} Bb5 {[%emt 0:00:08]} 56. d7 {[%emt 0:02:04]} 1/2-1/2

[Event "69th RUS-ch Women Higher League 2019"]
[Site "Yaroslavl"]
[Date "2019.07.05"]
[Round "8.10"]
[White "Borisova, Ekaterina"]
[Black "Dordzhieva, Dinara"]
[Result "1-0"]
[WhiteElo "2267"]
[BlackElo "2306"]
[Annotator "NA"]
[PlyCount "89"]
[EventDate "2019.06.27"]
[EventType "swiss"]
[EventCountry "RUS"]
[SourceTitle "playchess.com"]
[Source "ChessBase"]
[SourceQuality "1"]
[TimeControl "40/5400+30:1800+30"]

1. e4 {[%emt 0:00:00]} c5 {[%emt 0:00:09]} 2. Nf3 {[%emt 0:00:00]} e6 {[%emt 0:00:05]} 3. d4 {[%emt 0:00:17]} cxd4 {[%emt 0:00:10]} 4. Nxd4 {[%emt 0:00:03]} Nf6 {[%emt 0:00:07]} 5. Bd3 {[%emt 0:01:33]} Nc6 {[%emt 0:00:39]} 6. Nxc6 {[%emt 0:00:07]} bxc6 {[%emt 0:00:10]} 7. O-O {[%emt 0:00:16]} d5 {[%emt 0:00:03]} 8. c4 {[%emt 0:00:26]} Be7 {[%emt 0:13:38]} 9. Nc3 {[%emt 0:02:29]} O-O {[%emt 0:00:13]} 10. Qc2 {[%emt 0:06:38]} d4 {[%emt 0:06:02]} 11. Na4 {[%emt 0:00:59]} e5 {[%emt 0:02:19]} 12. c5 {[%emt 0:00:22]} Be6 {[%emt 0:04:06]} 13. b4 {[%emt 0:06:57]} Rb8 {[%emt 0:08:04]} 14. a3 {[%emt 0:02:13]} Nh5 {[%emt 0:04:34]} 15. Be2 {[%emt 0:05:57]} g6 {[%emt 0:04:58]} 16. Bxh5 {[%emt 0:05:20]} gxh5 {[%emt 0:01:14]} 17. Bh6 {[%emt 0:01:04]} Re8 {[%emt 0:00:13]} 18. Qe2 {[%emt 0:02:50]} h4 {[%emt 0:09:14]} 19. Qh5 {[%emt 0:06:44]} Bf6 {[%emt 0:09:47]} 20. f4 {[%emt 0:06:34]} d3 {[%emt 0:03:22]} 21. f5 {[%emt 0:12:18]} Bb3 {[%emt 0:02:48]} 22. Nb2 {[%emt 0:05:07]} Qd4+ {[%emt 0:04:23]} 23. Kh1 {[%emt 0:02:02]} Qxb2 {[%emt 0:07:02]} 24. Bg5 {[%emt 0:01:00]} Bg7 {[%emt 0:00:03]} 25. f6 {[%emt 0:00:37]} Bf8 {[%emt 0:00:26]} 26. Qxh4 {[%emt 0:05:24]} Qd4 {[%emt 0:03:40]} 27. Bd2 {[%emt 0:02:20]} Kh8 {[%emt 0:12:04]} 28. Rae1 {[%emt 0:00:39]} Be6 {[%emt 0:00:28]} 29. Re3 {[%emt 0:02:23]} Qb2 {[%emt 0:01:14]} 30. Bc1 {[%emt 0:04:15]} Qc2 {[%emt 0:00:48]} 31. Rg3 {[%emt 0:00:15]} d2 {[%emt 0:01:10]} 32. Qg5 {[%emt 0:02:54]} Bh6 {[%emt 0:00:09]} 33. Qxh6 {[%emt 0:00:19]} Rg8 {[%emt 0:00:05]} 34. Bxd2 {[%emt 0:03:54]} Qxe4 {[%emt 0:00:12]} 35. Re1 {[%emt 0:03:45]} Qf5 {[%emt 0:00:55]} 36. Rg5 {[%emt 0:03:40]} Qd3 {[%emt 0:00:47]} 37. Rg7 {[%emt 0:02:36]} Bd5 {[%emt 0:01:19]} 38. Qg5 {[%emt 0:01:59]} Rbd8 {[%emt 0:00:53]} 39. Bc1 {[%emt 0:00:59]} Qc2 {[%emt 0:00:44]} 40. h3 {[%emt 0:00:00]} Be4 41. Kh2 {[%emt 0:03:57]} Rde8 {[%emt 0:02:30]} 42. h4 {[%emt 0:02:18]} a6 {[%emt 0:00:48]} 43. h5 {[%emt 0:00:31]} Bf5 {[%emt 0:07:49]} 44. Rxe5 {[%emt 0:01:50]} Be6 {[%emt 0:00:18]} 45. Rxe6 {[%emt 0:02:06]} 1-0

[Event "69th RUS-ch Women Higher League 2019"]
[Site "Yaroslavl"]
[Date "2019.07.05"]
[Round "8.11"]
[White "Ambartsumova, Karina"]
[Black "Protopopova, Anastasiya"]
[Result "1-0"]
[WhiteElo "2359"]
[BlackElo "2272"]
[Annotator "NA"]
[PlyCount "43"]
[EventDate "2019.06.27"]
[EventType "swiss"]
[EventCountry "RUS"]
[SourceTitle "playchess.com"]
[Source "ChessBase"]
[SourceQuality "1"]
[TimeControl "40/5400+30:1800+30"]

1. Nf3 {[%emt 0:00:00]} d5 {[%emt 0:00:00]} 2. e3 {[%emt 0:00:39]} c5 {[%emt 0:01:57]} 3. d4 {[%emt 0:02:56]} cxd4 {[%emt 0:02:56]} 4. exd4 {[%emt 0:01:41]} g6 {[%emt 0:00:24]} 5. Bd3 {[%emt 0:04:38]} Bg7 {[%emt 0:00:39]} 6. O-O {[%emt 0:01:21]} Nc6 {[%emt 0:01:28]} 7. c3 {[%emt 0:00:19]} Nf6 {[%emt 0:01:29]} 8. Re1 {[%emt 0:07:19]} O-O {[%emt 0:00:40]} 9. Nbd2 {[%emt 0:05:09]} Nd7 {[%emt 0:07:47]} 10. Nb3 {[%emt 0:05:01]} e5 {[%emt 0:11:09]} 11. dxe5 {[%emt 0:02:26]} Ndxe5 {[%emt 0:00:26]} 12. Nxe5 {[%emt 0:12:12]} Bxe5 {[%emt 0:02:15]} 13. Bf1 {[%emt 0:03:11]} Qd6 {[%emt 0:24:43]} 14. g3 {[%emt 0:02:17]} Rd8 {[%emt 0:06:41]} 15. Bg5 {[%emt 0:08:32]} Bf6 {[%emt 0:04:10]} 16. Be3 {[%emt 0:02:07]} Bf5 {[%emt 0:03:52]} 17. Bg2 {[%emt 0:04:46]} d4 {[%emt 0:10:24]} 18. cxd4 {[%emt 0:07:07]} Nxd4 {[%emt 0:00:30]} 19. Nxd4 {[%emt 0:02:03]} Bxd4 {[%emt 0:00:10]} 20. Bxd4 {[%emt 0:00:33]} Qa6 {[%emt 0:09:03]} 21. Qb3 {[%emt 0:03:49]} Rxd4 {[%emt 0:04:17]} 22. Bxb7 {[%emt 0:00:13]} 1-0

[Event "69th RUS-ch Women Higher League 2019"]
[Site "Yaroslavl"]
[Date "2019.07.05"]
[Round "8.12"]
[White "Guseva, Marina"]
[Black "Nosacheva, Mariya"]
[Result "0-1"]
[WhiteElo "2379"]
[BlackElo "2150"]
[Annotator "NA"]
[PlyCount "69"]
[EventDate "2019.06.27"]
[EventType "swiss"]
[EventCountry "RUS"]
[SourceTitle "playchess.com"]
[Source "ChessBase"]
[SourceQuality "1"]
[TimeControl "40/5400+30:1800+30"]

1. d4 {[%emt 0:00:00]} Nf6 {[%emt 0:00:00]} 2. c4 {[%emt 0:00:00]} g6 {[%emt 0:00:00]} 3. Nf3 {[%emt 0:00:00]} Bg7 {[%emt 0:00:00]} 4. g3 {[%emt 0:00:00]} O-O {[%emt 0:00:01]} 5. Bg2 {[%emt 0:00:00]} d6 {[%emt 0:00:08]} 6. O-O {[%emt 0:00:00]} Nc6 {[%emt 0:00:04]} 7. Nc3 {[%emt 0:00:00]} a6 {[%emt 0:00:06]} 8. e3 {[%emt 0:00:19]} Rb8 {[%emt 0:00:16]} 9. Qe2 {[%emt 0:00:04]} b5 {[%emt 0:00:14]} 10. Rd1 {[%emt 0:00:15]} e6 {[%emt 0:00:17]} 11. b3 {[%emt 0:04:05]} Bb7 {[%emt 0:01:58]} 12. Bb2 {[%emt 0:02:40]} Ne7 {[%emt 0:07:48]} 13. Ne1 {[%emt 0:10:15]} Bxg2 {[%emt 0:05:04]} 14. Nxg2 {[%emt 0:00:02]} c6 {[%emt 0:00:10]} 15. e4 {[%emt 0:00:10]} d5 {[%emt 0:00:16]} 16. e5 {[%emt 0:04:01]} Nd7 {[%emt 0:00:08]} 17. cxd5 {[%emt 0:00:53]} cxd5 {[%emt 0:04:07]} 18. Ne3 {[%emt 0:00:09]} Qb6 {[%emt 0:06:54]} 19. Qg4 {[%emt 0:05:51]} f6 {[%emt 0:05:02]} 20. Ba3 {[%emt 0:24:55]} Rbe8 {[%emt 0:12:56]} 21. Ncxd5 {[%emt 0:14:18]} Nxd5 {[%emt 0:03:21]} 22. Nxd5 {[%emt 0:00:06]} exd5 {[%emt 0:01:36]} 23. Qxd7 {[%emt 0:00:05]} Rd8 {[%emt 0:04:49]} 24. Qg4 {[%emt 0:04:33]} b4 {[%emt 0:02:20]} 25. exf6 {[%emt 0:00:34]} Qxf6 {[%emt 0:01:59]} 26. Bxb4 {[%emt 0:00:05]} Qxf2+ {[%emt 0:00:07]} 27. Kh1 {[%emt 0:00:02]} Rf5 {[%emt 0:02:06]} 28. Rd2 {[%emt 0:04:33]} Qe3 {[%emt 0:01:36]} 29. Rad1 {[%emt 0:01:28]} Re8 {[%emt 0:01:38]} 30. Bc5 {[%emt 0:07:10]} Bh6 {[%emt 0:03:40]} 31. Rg2 {[%emt 0:03:02]} Re4 {[%emt 0:00:51]} 32. Qh3 {[%emt 0:00:04]} Qf3 {[%emt 0:00:43]} 33. Rdg1 {[%emt 0:00:29]} Bg5 {[%emt 0:00:26]} 34. b4 {[%emt 0:01:24]} Be3 {[%emt 0:02:18]} 35. a3 0-1

[Event "69th RUS-ch Women Higher League 2019"]
[Site "Yaroslavl"]
[Date "2019.07.05"]
[Round "8.13"]
[White "Khokhlova, Daria"]
[Black "Maletina, Tatiana"]
[Result "1/2-1/2"]
[WhiteElo "2234"]
[BlackElo "2273"]
[Annotator "NA"]
[PlyCount "81"]
[EventDate "2019.06.27"]
[EventType "swiss"]
[EventCountry "RUS"]
[SourceTitle "playchess.com"]
[Source "ChessBase"]
[SourceQuality "1"]
[TimeControl "40/5400+30:1800+30"]

1. e4 {[%emt 0:00:00]} e6 {[%emt 0:00:00]} 2. d4 {[%emt 0:00:00]} d5 {[%emt 0:00:00]} 3. Nd2 {[%emt 0:00:00]} Nf6 {[%emt 0:00:03]} 4. Bd3 {[%emt 0:00:23]} c5 {[%emt 0:00:14]} 5. dxc5 {[%emt 0:00:07]} dxe4 {[%emt 0:01:45]} 6. Nxe4 {[%emt 0:00:26]} Nxe4 {[%emt 0:00:24]} 7. Bxe4 {[%emt 0:00:01]} Qxd1+ {[%emt 0:00:09]} 8. Kxd1 {[%emt 0:00:01]} Bxc5 {[%emt 0:00:07]} 9. Ke2 {[%emt 0:00:19]} Nc6 {[%emt 0:01:16]} 10. Be3 {[%emt 0:03:07]} Bxe3 {[%emt 0:01:52]} 11. Bxc6+ {[%emt 0:06:29]} bxc6 {[%emt 0:00:06]} 12. Kxe3 {[%emt 0:00:09]} Rb8 {[%emt 0:03:36]} 13. b3 {[%emt 0:01:01]} c5 {[%emt 0:00:06]} 14. Nf3 {[%emt 0:03:40]} Bb7 {[%emt 0:00:40]} 15. Ne5 {[%emt 0:02:22]} Ke7 {[%emt 0:03:08]} 16. f3 {[%emt 0:02:55]} f6 {[%emt 0:01:02]} 17. Nd3 {[%emt 0:02:48]} Rhc8 {[%emt 0:02:29]} 18. c4 {[%emt 0:06:13]} a5 {[%emt 0:00:05]} 19. Rab1 {[%emt 0:03:21]} Ba6 {[%emt 0:00:09]} 20. Nb2 {[%emt 0:01:31]} Rc7 {[%emt 0:01:23]} 21. Na4 {[%emt 0:03:41]} Rb4 {[%emt 0:01:53]} 22. Nc3 {[%emt 0:03:54]} Rcb7 {[%emt 0:01:19]} 23. Rhe1 {[%emt 0:04:52]} Rd7 {[%emt 0:09:37]} 24. Rbd1 {[%emt 0:02:34]} Rbb7 {[%emt 0:02:42]} 25. Rxd7+ {[%emt 0:04:33]} Rxd7 {[%emt 0:00:05]} 26. Rd1 {[%emt 0:03:16]} Rxd1 {[%emt 0:02:02]} 27. Nxd1 {[%emt 0:00:01]} a4 {[%emt 0:00:07]} 28. Nb2 {[%emt 0:02:20]} axb3 {[%emt 0:00:06]} 29. axb3 {[%emt 0:00:02]} Kd6 {[%emt 0:00:17]} 30. Nd3 {[%emt 0:01:41]} Bb7 {[%emt 0:00:20]} 31. b4 {[%emt 0:05:24]} cxb4 {[%emt 0:01:29]} 32. Nxb4 {[%emt 0:00:03]} Kc5 {[%emt 0:11:13]} 33. Nd3+ {[%emt 0:00:08]} Kxc4 {[%emt 0:00:05]} 34. Nf4 {[%emt 0:00:02]} e5 {[%emt 0:10:27]} 35. Nh5 {[%emt 0:00:05]} Kd5 {[%emt 0:00:25]} 36. Nxg7 {[%emt 0:00:10]} Bc8 {[%emt 0:01:16]} 37. g4 {[%emt 0:00:13]} Kd6 {[%emt 0:00:51]} 38. Nh5 {[%emt 0:00:27]} f5 {[%emt 0:03:00]} 39. gxf5 {[%emt 0:00:05]} Bxf5 {[%emt 0:00:04]} 40. f4 {[%emt 0:00:00]} Bg6 {[%emt 0:00:00]} 41. fxe5+ {[%emt 0:00:23]} 1/2-1/2

[Event "69th RUS-ch Women Higher League 2019"]
[Site "Yaroslavl"]
[Date "2019.07.05"]
[Round "8.14"]
[White "Chkhan, Viktoria"]
[Black "Dimitrova, Aleksandra"]
[Result "0-1"]
[WhiteElo "2141"]
[BlackElo "2273"]
[Annotator "NA"]
[PlyCount "110"]
[EventDate "2019.06.27"]
[EventType "swiss"]
[EventCountry "RUS"]
[SourceTitle "playchess.com"]
[Source "ChessBase"]
[SourceQuality "1"]
[TimeControl "40/5400+30:1800+30"]

1. d4 {[%emt 0:00:00]} Nf6 {[%emt 0:00:22]} 2. c4 {[%emt 0:00:00]} e6 {[%emt 0:00:05]} 3. Nf3 {[%emt 0:00:00]} b6 {[%emt 0:00:04]} 4. a3 {[%emt 0:00:00]} Ba6 {[%emt 0:00:04]} 5. Qc2 {[%emt 0:00:03]} Bb7 {[%emt 0:00:07]} 6. Nc3 {[%emt 0:00:06]} c5 {[%emt 0:00:08]} 7. dxc5 {[%emt 0:00:42]} Bxc5 {[%emt 0:02:40]} 8. Bf4 {[%emt 0:00:16]} Nh5 {[%emt 0:08:01]} 9. Bg5 {[%emt 0:05:11]} Qc8 {[%emt 0:05:51]} 10. e3 {[%emt 0:07:19]} h6 {[%emt 0:09:23]} 11. Bh4 {[%emt 0:01:16]} a6 {[%emt 0:05:38]} 12. Be2 {[%emt 0:03:57]} g5 {[%emt 0:05:01]} 13. Bg3 {[%emt 0:00:22]} Nxg3 {[%emt 0:00:46]} 14. hxg3 {[%emt 0:00:07]} Be7 {[%emt 0:00:41]} 15. Na4 {[%emt 0:21:11]} Qc6 {[%emt 0:10:52]} 16. Rh2 {[%emt 0:05:56]} d6 {[%emt 0:06:36]} 17. Nd4 {[%emt 0:02:18]} Qc7 {[%emt 0:01:30]} 18. Bh5 {[%emt 0:09:44]} Kf8 {[%emt 0:02:40]} 19. Nxb6 {[%emt 0:05:27]} Ra7 {[%emt 0:11:28]} 20. Na4 {[%emt 0:07:12]} Nd7 {[%emt 0:00:50]} 21. Bg4 {[%emt 0:08:45]} Qa5+ {[%emt 0:05:05]} 22. Qc3 {[%emt 0:03:49]} Qe5 {[%emt 0:01:14]} 23. O-O-O {[%emt 0:02:26]} Kg7 {[%emt 0:03:38]} 24. f4 {[%emt 0:04:23]} Qf6 {[%emt 0:00:45]} 25. Ne2 {[%emt 0:05:18]} Bc6 {[%emt 0:01:58]} 26. Qc2 {[%emt 0:01:33]} Rc7 {[%emt 0:03:43]} 27. Nac3 {[%emt 0:02:21]} Ba8 {[%emt 0:00:15]} 28. Bf3 {[%emt 0:01:51]} Rxc4 {[%emt 0:01:30]} 29. Bxa8 {[%emt 0:00:04]} Rxa8 {[%emt 0:00:03]} 30. Rdh1 {[%emt 0:00:46]} Rh8 {[%emt 0:00:49]} 31. Qd3 {[%emt 0:00:28]} d5 {[%emt 0:00:18]} 32. Kb1 {[%emt 0:01:03]} Nc5 {[%emt 0:00:51]} 33. Qd2 {[%emt 0:00:45]} Qg6+ {[%emt 0:00:37]} 34. Ka2 {[%emt 0:00:29]} Nd3 {[%emt 0:02:36]} 35. Nc1 {[%emt 0:01:00]} Nc5 {[%emt 0:02:36]} 36. Rf1 {[%emt 0:00:22]} Bf6 {[%emt 0:03:18]} 37. N1e2 {[%emt 0:01:19]} Qd3 {[%emt 0:00:52]} 38. Rd1 {[%emt 0:00:24]} Qxd2 {[%emt 0:01:09]} 39. Rxd2 {[%emt 0:00:03]} Rb8 {[%emt 0:01:11]} 40. Rh1 {[%emt 0:00:00]} Ne4 {[%emt 0:00:00]} 41. Rc2 {[%emt 0:02:49]} Bxc3 {[%emt 0:10:27]} 42. bxc3 {[%emt 0:00:29]} Rb5 {[%emt 0:00:29]} 43. Rb1 {[%emt 0:00:22]} Ra5 {[%emt 0:00:35]} 44. Rb3 {[%emt 0:01:49]} Rca4 {[%emt 0:00:58]} 45. Nc1 {[%emt 0:01:43]} Nxg3 {[%emt 0:03:55]} 46. fxg5 {[%emt 0:00:33]} hxg5 {[%emt 0:00:04]} 47. Kb2 {[%emt 0:00:42]} Re4 {[%emt 0:00:25]} 48. Rf2 {[%emt 0:01:55]} Rxe3 {[%emt 0:00:43]} 49. Rb7 {[%emt 0:00:06]} Rb5+ {[%emt 0:02:44]} 50. Rxb5 {[%emt 0:00:06]} axb5 {[%emt 0:00:02]} 51. Nb3 {[%emt 0:01:09]} Ne2 {[%emt 0:05:15]} 52. Rf3 {[%emt 0:00:05]} Nxc3 {[%emt 0:02:09]} 53. Rxe3 {[%emt 0:00:51]} Nd1+ {[%emt 0:00:02]} 54. Kc1 {[%emt 0:00:06]} Nxe3 {[%emt 0:00:07]} 55. Nd4 {[%emt 0:00:03]} Nxg2 {[%emt 0:00:37]} 0-1

[Event "69th RUS-ch Women Higher League 2019"]
[Site "Yaroslavl"]
[Date "2019.07.05"]
[Round "8.15"]
[White "Utiatskaja, Irina"]
[Black "Ovod, Evgenija"]
[Result "0-1"]
[WhiteElo "2192"]
[BlackElo "2361"]
[Annotator "NA"]
[PlyCount "126"]
[EventDate "2019.06.27"]
[EventType "swiss"]
[EventCountry "RUS"]
[SourceTitle "playchess.com"]
[Source "ChessBase"]
[SourceQuality "1"]
[TimeControl "40/5400+30:1800+30"]

1. c4 {[%emt 0:00:00]} c6 {[%emt 0:00:00]} 2. Nf3 {[%emt 0:01:53]} d5 {[%emt 0:00:06]} 3. e3 {[%emt 0:01:39]} Nf6 {[%emt 0:00:44]} 4. b3 {[%emt 0:00:17]} e6 {[%emt 0:02:05]} 5. Bb2 {[%emt 0:00:50]} Nbd7 {[%emt 0:01:04]} 6. Qc2 {[%emt 0:02:16]} Bd6 {[%emt 0:00:51]} 7. d4 {[%emt 0:06:21]} Ne4 {[%emt 0:06:12]} 8. Nbd2 {[%emt 0:16:43]} f5 {[%emt 0:00:35]} 9. g3 {[%emt 0:00:53]} O-O {[%emt 0:45:42]} 10. Bg2 {[%emt 0:01:47]} Qe7 {[%emt 0:00:35]} 11. O-O {[%emt 0:01:17]} b6 {[%emt 0:00:02]} 12. Ne5 {[%emt 0:01:14]} Bb7 {[%emt 0:00:05]} 13. Ndf3 {[%emt 0:01:09]} Ndf6 {[%emt 0:02:05]} 14. Nd3 {[%emt 0:00:55]} c5 {[%emt 0:02:18]} 15. Nfe5 {[%emt 0:06:16]} Rac8 {[%emt 0:02:10]} 16. f3 {[%emt 0:11:19]} cxd4 {[%emt 0:05:23]} 17. exd4 {[%emt 0:08:55]} dxc4 {[%emt 0:00:05]} 18. bxc4 {[%emt 0:02:24]} Ng5 {[%emt 0:00:03]} 19. Qb3 {[%emt 0:03:43]} Rc7 {[%emt 0:04:43]} 20. Rfe1 {[%emt 0:04:37]} Rfc8 {[%emt 0:00:10]} 21. Rac1 {[%emt 0:05:25]} Nd7 {[%emt 0:10:00]} 22. h4 {[%emt 0:04:44]} Nf7 {[%emt 0:01:42]} 23. f4 {[%emt 0:02:03]} Bxg2 {[%emt 0:02:16]} 24. Kxg2 {[%emt 0:00:03]} Nf6 {[%emt 0:00:06]} 25. Nf2 {[%emt 0:05:04]} Nd8 {[%emt 0:03:00]} 26. Nf3 {[%emt 0:02:29]} Qd7 {[%emt 0:02:24]} 27. Ng5 {[%emt 0:04:02]} Be7 {[%emt 0:01:27]} 28. Qd3 {[%emt 0:03:19]} Rxc4 {[%emt 0:00:45]} 29. Rxc4 {[%emt 0:01:02]} Qd5+ {[%emt 0:00:03]} 30. Qf3 {[%emt 0:00:36]} Qxc4 {[%emt 0:02:10]} 31. Nxe6 {[%emt 0:01:08]} Nxe6 {[%emt 0:01:53]} 32. d5 {[%emt 0:00:36]} Nxd5 {[%emt 0:02:32]} 33. Rc1 {[%emt 0:00:33]} Ndxf4+ {[%emt 0:00:19]} 34. gxf4 {[%emt 0:00:03]} Qa6 {[%emt 0:00:04]} 35. Qd5 {[%emt 0:00:11]} b5 {[%emt 0:01:05]} 36. Rxc8+ {[%emt 0:00:58]} Qxc8 {[%emt 0:00:04]} 37. Qxf5 {[%emt 0:00:27]} Bxh4 {[%emt 0:01:27]} 38. Qe4 {[%emt 0:01:17]} Bxf2 {[%emt 0:00:42]} 39. Kxf2 {[%emt 0:00:03]} Qc4 {[%emt 0:00:53]} 40. Qa8+ {[%emt 0:00:00]} Nf8 {[%emt 0:00:00]} 41. Be5 {[%emt 0:01:42]} Qxa2+ {[%emt 0:01:34]} 42. Kg3 {[%emt 0:01:54]} Qb3+ {[%emt 0:03:51]} 43. Kg2 {[%emt 0:02:35]} Qc2+ {[%emt 0:00:23]} 44. Kf3 {[%emt 0:00:59]} Qd3+ {[%emt 0:00:23]} 45. Kf2 {[%emt 0:00:23]} Qd7 {[%emt 0:00:49]} 46. Qb8 {[%emt 0:00:34]} Kf7 {[%emt 0:00:55]} 47. Bc3 {[%emt 0:01:30]} Ng6 {[%emt 0:00:59]} 48. Be5 {[%emt 0:04:03]} Nxe5 {[%emt 0:05:49]} 49. Qxe5 {[%emt 0:00:40]} a5 {[%emt 0:00:34]} 50. Qe4 {[%emt 0:00:20]} h6 {[%emt 0:04:50]} 51. Qe5 {[%emt 0:05:55]} a4 {[%emt 0:00:31]} 52. Qh5+ {[%emt 0:00:11]} Kg8 {[%emt 0:00:20]} 53. Qc5 {[%emt 0:00:04]} g6 {[%emt 0:03:43]} 54. Qb6 {[%emt 0:02:26]} Kh7 {[%emt 0:01:39]} 55. Qc5 {[%emt 0:00:13]} h5 {[%emt 0:00:14]} 56. Ke1 {[%emt 0:01:51]} Qf7 {[%emt 0:03:17]} 57. Qxb5 {[%emt 0:01:31]} Qxf4 {[%emt 0:00:07]} 58. Qd7+ {[%emt 0:00:36]} Kh6 {[%emt 0:00:08]} 59. Qe8 {[%emt 0:01:20]} Qd4 {[%emt 0:04:01]} 60. Qf8+ {[%emt 0:01:00]} Kg5 {[%emt 0:00:10]} 61. Qe7+ {[%emt 0:00:11]} Kf5 {[%emt 0:00:17]} 62. Kf1 {[%emt 0:01:13]} Qf4+ {[%emt 0:00:21]} 63. Kg1 {[%emt 0:00:12]} Qg5+ {[%emt 0:00:04]} 0-1